|
|
|
|
| LEADER |
00000cam a22000004a 4500 |
| 001 |
ELB164839 |
| 003 |
FINmELB |
| 005 |
20220615121057.0 |
| 006 |
m o u |
| 007 |
cr cn||||||||| |
| 008 |
071129s2009 paua bf 001 0 eng |
| 020 |
|
|
|a 9781451157512
|q (e-book)
|
| 020 |
|
|
|z 9780781786867
|
| 035 |
|
|
|a (OCoLC)422753688
|
| 040 |
|
|
|a FINmELB
|c FINmELB
|d FINmELB
|
| 050 |
0 |
0 |
|a QM25
|b .A488 2009
|
| 060 |
1 |
0 |
|a QS 39
|b A5355 2009
|
| 082 |
0 |
0 |
|a 612.0022/3
|2 22
|
| 096 |
|
|
|a QS39
|b .A5355 2009
|
| 245 |
0 |
0 |
|a Anatomy & physiology made incredibly visual!.
|
| 246 |
3 |
|
|a Anatomy and physiology made incredibly visual
|
| 260 |
|
|
|a Philadelphia :
|b Wolters Kluwer Health/Lippincott Williams & Wilkins,
|c c2009.
|
| 300 |
|
|
|a 1 online resource (vi, 249 p.) :
|b col. ill.
|
| 440 |
|
0 |
|a Incredibly visual
|5 FU
|
| 504 |
|
|
|a Includes bibliographical references (p. 243) and index.
|
| 505 |
0 |
|
|a The human body -- Genetics -- Chemical organization -- Integumentary system -- Musculoskeletal system -- Nervous system -- Sensory system -- Endocrine system -- Cardiovascular system -- Hematologic system -- Immune system -- Respiratory system -- Gastrointestinal system -- Nutrition and metabolism -- Urinary system -- Fluids, electrolytes, acids, and bases -- Reproductive system -- Reproduction and lactation.
|5 FU
|
| 588 |
|
|
|a Description based on metadata supplied by the publisher and other sources.
|
| 590 |
|
|
|a Electronic reproduction. Santa Fe, Arg.: elibro, 2022. Available via World Wide Web. Access may be limited to eLibro affiliated libraries.
|
| 650 |
|
0 |
|a Human anatomy
|v Atlases.
|
| 650 |
|
0 |
|a Human physiology
|v Atlases.
|
| 650 |
|
0 |
|a Human anatomy
|v Handbooks, manuals, etc.
|
| 650 |
|
0 |
|a Human physiology
|v Handbooks, manuals, etc.
|
| 650 |
1 |
2 |
|a Anatomy
|v Atlases.
|
| 650 |
1 |
2 |
|a Anatomy
|v Handbooks.
|
| 650 |
2 |
2 |
|a Physiological Processes
|v Atlases.
|
| 650 |
2 |
2 |
|a Physiological Processes
|v Handbooks.
|
| 655 |
|
4 |
|a Electronic books.
|
| 797 |
2 |
|
|a elibro, Corp.
|
| 856 |
4 |
0 |
|u https://elibro.uam.elogim.com/ereader/bidiuam/164839
|z Texto completo
|